00812 2200217 4500001002100000005001500021035002000036245019000056100001400246250001800260300005500278856002200333700010200355260003000457082000800487084001400495020002200509008004100531650001200572990001000584INLIS00000000114820720260604120021 a0010-04260000521 aPasti Bisa! Bahasa Inggris SMP :bSukses UAN + Masuk SMU Favorit /cPenulis; Pardiyono, Editor; Nikodemus WK, Settig; Sri ulistiyani, Desain Cover; Bowo, Korektor; Amanda / Aktor Sadewa0 aPardiyono aEdisi Pertama avi, 138 halaman :bIlustrasi ;c20 x 28 cmeKertas aPerpustakaan Umum0 aEditor; Nikodemus WK, Settig; Sri ulistiyani, Desain Cover; Bowo, Korektor; Amanda / Aktor Sadewa aYogyakarta :bANDI,c2009 a425 a425 PAR p a978-979-29-0948-7260604 0  4aEnglish a//001